00353nam a2200109Ia 4500008004100000100002000041245005800061260002600119300000800145999001500153952007500168201216s9999 xx 000 0 und d aUlbrich, Holley 0aInternational Trade and Finance : Theory and Practice aLondonbPrentice Hall a379 c6073d6073 00104070aCLd2020-12-16o382.1 U36pPM01047r2020-12-16w2020-12-16